000 00603nam a2200181 i 4500
001 83459
003 ES-MaACL
007 t|
008 041117s1908 be ||||1| fre d
245 0 4 _aLes differents systemes d'irrigation
_b: documents officiels prècèdes de notices historiques.
260 _aBruxelles :
_bInstitut Colonial International,
_c1908.
300 _a690 p. ;
_c23 cm.
490 1 _aBibliothèque coloniale internationale. Serie 7
500 _aEspagne.
830 0 _aBibliothèque coloniale internationale. Serie 7
_9231623
852 _aES-MaACL
_jB-886
999 _c83459
_d83459